000 01451namaa22003491i 4500
003 EG-GICUC
005 20260414112755.0
008 260414s1995 su ||||jr|||| 000 0bara d
017 _a95 / 9391
_bالمكتبة الوطنية (السعودية)
020 _a9770073489
040 _aEG-GiCUC
_bara
_cEG-GiCUC
_dEG-GiCUC
_erda
043 _aa----su
082 0 4 _221
_a189.1092
_bM9722
092 0 4 _221
_a189.1092
_bM9722
099 _a189.1092 M9722 1995
100 1 _aمراد، بركات محمد
_eمؤلف.
245 1 0 _aأبو حيان التوحيدى فليسوف التنوير فلسفته وآثاره واغترابه /
_cالدكتور بركات محمد مراد
250 _aالطبعة الثانية مزيدة ومنقحة
264 _aالرياض (السعودية) :
_bدار الاعتصام للنشر والتوزيع،
_c1995.
300 _a195 صفحة
_b؛
_c24 سم
336 _2rdacontent
_atext
337 _2rdamedia
_aUnmediated
338 _2rdacarrier
_avolume
504 _aيشتمل على ارجاعات ببليوجرافية
541 _aد. جابر عصفور ؛
_bالقاهرة ؛
_cإهداء ؛
_d2024.
600 _aالتوحيدى، أبو حيان على بن محمد
_dاشتهر ق 10
650 1 7 _aالفلاسفة المسلمون
_2qrmak
650 1 7 _aالفلسفة الاسلامية
_vتراجم
_2qrmak
651 1 _2qrmak
905 _aNermeen
942 _2ddc
_cBK
_e21
_n0
999 _c179466
_d179466